000 00999pam a2200265 a 4500
001 3013580
003 NUST - PNEC
005 20170116181133.0
008 940304s1994 enka 000 0 eng
010 _a 94009877
020 _a056607561X :
020 _a0566074370 (looseleaf) :
040 _aDLC
_cLIBRARY
_dDLC
050 0 0 _aHF5549.5.T7
_bB292 1994
082 0 0 _a658.312404 BAR
100 1 _aBartram, Sharon.
245 1 0 _aTraining needs analysis :
_ba resource for identifying training needs, selecting training strategies, and developing training plans /
_cSharon Bartram and Brenda Gibson.
260 _aAldershot, Hampshire, England ;
_aBrookfield, Vt., USA :
_bGower,
_cc1994.
300 _ax, 166 p. :
_bill. ;
_c31 cm.
650 0 _aEmployees
_xGeneral
700 1 _aGibson, Brenda.
906 _a7
_bcbc
_corignew
_d1
_eocip
_f19
_gy-gencatlg
942 _2ddc
_cBK
999 _c70100
_d70100